| 000 | 00881nam a2200229 a 4500 | ||
|---|---|---|---|
| 001 | 64719 | ||
| 003 | BD-RjUL | ||
| 005 | 20211209081337.0 | ||
| 008 | 170219s2006 bg ||||| |||| 00| 0 ben d | ||
| 020 |
_a9844019265 _c: Tk. 350.00 |
||
| 035 | _a(BD-RjUL)64849 | ||
| 040 |
_aBD-RjUL _beng _cBD-RjUL |
||
| 041 | _aben | ||
| 082 |
_223 _a954.9203 _bHOE 2006 |
||
| 100 |
_aহোসেন, সরদার আমজাদ _9178215 |
||
| 245 | 1 | 0 |
_aএকুশ শতকের সিঁড়িতে বাংলাদেশ / _cসরদার আমজাদ হোসেন |
| 260 |
_aঢাকা : _bআগামী প্রকাশনী, _c২০০৬ |
||
| 300 |
_a৩১২ পৃ. ; _c২৩ সেমি. |
||
| 650 |
_aইতিহাস _x২১শতক _zবাংলাদেশ _9191862 |
||
| 650 |
_aHistory _x21st century _zBangladesh _9191863 |
||
| 942 |
_2ddc _cBK |
||
| 999 |
_c64719 _d64719 |
||